000 00672nam a22002057a 4500
005 20160114123243.0
010 _aENG-114421
020 _c415.00
035 _aEN-97953
037 _bDBAD/PUB
082 _a519.72
100 _aMukherjee, Arup
245 _aAdvanced linear programming & game theory /
_cby Arup Mukherjee [and] Naba Kumar Bej
260 _aKolkata
_bBooks And Allied
_c2013
270 _aNo. 1-E(1), 'Shubham Plaza' (1st Floor) 83/1, Beliaghata Main Road
_bKolkata
_e700010
300 _a677p.
_c24cm(pbk)
500 _aIncludes bibliographical references and index
700 _aBej, Naba Kumar
942 _2ddc
_cEN
_mMUK
_h519.72
999 _c97979
_d97979